Normal view
MARC view
- Copy editing
Entry Topical Term
001 - CONTROL NUMBER
- control field: 40620
003 - CONTROL NUMBER IDENTIFIER
- control field: OSt
005 - DATE AND TIME OF LATEST TRANSACTION
- control field: 20161005094355.0
008 - FIXED-LENGTH DATA ELEMENTS
- fixed length control field: 160802|| aca||babn | a|a d
040 ## - CATALOGING SOURCE
- Original cataloging agency: OSt
150 ## - HEADING--TOPICAL TERM
- Topical term or geographic name as entry element: Copy editing
450 ## - SEE FROM TRACING--TOPICAL TERM
- Topical term or geographic name entry element: Copyediting
450 ## - SEE FROM TRACING--TOPICAL TERM
- Topical term or geographic name entry element: Copyreading